Pays frontaliers des pays bordant la France - Statistiques

Statistiques générales
  • Ce quiz a été pris 140 fois
  • Le résultat moyen est 20 sur 30
Statistiques - réponses
Pays Frontaliers # Pays % Correct
Allemagne, Italie 2 Suisse
94%
Belgique, Luxembourg, Pays-Bas, Suisse 4 Allemagne
93%
Allemagne, Luxembourg, Pays-Bas 3 Belgique
91%
Andorre 1 Espagne
91%
Suisse 1 Italie
90%
Allemagne, Belgique 2 Luxembourg
89%
Espagne 1 Andorre
88%
Suriname 1 Brésil
83%
Allemagne, Belgique 2 Pays-Bas
82%
Espagne 1 Portugal
73%
Allemagne, Italie, Suisse 3 Autriche
67%
Allemagne 1 Pologne
67%
Brésil 1 Suriname
66%
Espagne 1 Royaume-Uni (Gibraltar)
64%
Brésil 1 Argentine
60%
Brésil, Suriname 2 Guyana
60%
Suisse 1 Liechtenstein
60%
Allemagne 1 Danemark
59%
Italie 1 Slovénie
58%
Italie 1 Vatican
58%
Brésil 1 Colombie
57%
Allemagne 1 Rep. Tchèque
55%
Brésil 1 Venezuela
55%
Brésil 1 Bolivie
54%
Brésil 1 Paraguay
54%
Italie 1 Saint-Marin
54%
Brésil 1 Pérou
50%
Brésil 1 Uruguay
50%
Tous les 11 pays (Allemagne, Andorre, Belgique, Brésil, Espagne, Italie, Pays-Bas, Luxembourg, Monaco, Suisse, Suriname) 11 France
44%
Espagne 1 Maroc
35%
Aucun quiz correspondant
Distribution des résultats
% des personnes avec chaque résultat
Percentile par nombre de réponses
Votre historique - résultats
Vous n’avez pas pris ce quiz